| 000 | 01812nam0a2200385 4500 | ||
|---|---|---|---|
| 001 | RU\NLR\BIBL_A\012544863 | ||
| 005 | 20210901101622.0 | ||
| 010 |
_a978-5-90363-390-6 _92000 |
||
| 021 |
_aRU _bКН-П-21-004452 _9КН-П-21-0339 |
||
| 035 | _a(NLR Aleph) 012544863 | ||
| 035 | _a(RuMoRGB)010561571 | ||
| 090 |
_a12411456 _c12411456 |
||
| 100 | _a20210611d2020 b y0rusy50 ca | ||
| 101 | 0 | _arus | |
| 102 | _aRU | ||
| 105 | _aa|||z|||000gy | ||
| 181 | 0 |
_ai3 _baxxe |
|
| 181 | 0 |
_ab2 _bxb2e |
|
| 182 | 0 | _an | |
| 200 | 1 |
_aАлёшкины мысли _eстихи для детей _eдетям дошкольного и младшего школьного возраста _fРоберт Рождественский _gредактор-составитель: Л. В. Санкина _gиллюстрации Инны Сантаковой _gМинистерство культуры Алтайского края, Алтайская краевая универсальная научная библиотека им. В. Я. Шишкова, Алтайская краевая детская библиотека им. Н. К. Крупской |
|
| 203 |
_aТекст _aИзображение _bвизуальные _cнепосредственные |
||
| 210 |
_aБарнаул _c[б. и.] _d2020 |
||
| 215 |
_a67, [4] с. _cцв. ил. _d22 |
||
| 225 | 1 | _aИздания для детей | |
| 333 | _a0+ | ||
| 686 | 0 | _aШ9(2)60=Р7-5 | |
| 700 | 1 |
_aРождественский _bР. И. _f1932-1994 _gРоберт Иванович _3RU\NLR\AUTH\7720784 |
|
| 702 | 1 |
_aСантакова _bИ. В. _gИнна В. _4440 |
|
| 942 | _cBOOK | ||
| 980 | _aNBR | ||
| 980 | _aNB | ||